[Event "Agneaux St Lo op U20 16th"]
[Site "Agneaux"]
[Date "2014.07.06"]
[Round "1"]
[White "Cras, Gildas"]
[Black "De Feijter, Bas"]
[Result "0-1"]
[WhiteElo "1542"]
[BlackElo "1895"]
[PlyCount "67"]
[EventDate "2014.07.06"]
[EventType "swiss"]
[EventRounds "9"]
[EventCountry "FRA"]
[SourceTitle "EXT 2015"]
[Source "ChessBase"]
[SourceDate "2014.11.20"]
[SourceVersion "1"]
[SourceVersionDate "2014.11.20"]
[SourceQuality "1"]

1. e4 c5 2. c3 Nf6 3. d3 Nc6 4. Nf3 d5 5. exd5 Qxd5 6. Be2 g6 7. h3 Bf5 8. Be3 Rd8 9. d4 cxd4 10. cxd4 Bg7 11. Nc3 Qa5 12. Qb3 Qb4 13. Bb5 Nd5 14. Bd2 Qxb3 15. axb3 Ndb4 16. Rxa7 Kf8 17. Bxc6 Nc2+ 18. Kd1 bxc6 19. g4 Nxd4 20. Nxd4 Bxd4 21. Rc7 Be6 22. Kc2 Rb8 23. Bh6+ Bg7 24. Bxg7+ Kxg7 25. Rxe7 Bxb3+ 26. Kc1 h5 27. g5 Be6 28. Rc7 Ra8 29. Kd2 Rhd8+ 30. Ke3 Ra6 31. f3 Rb8 32. Rh2 Rab6 33. Re2 Rxb2 34. Rxc6 0-1

[Event "FRA-chT U20 16 GP Haute 1213"]
[Site "France"]
[Date "2013.05.19"]
[Round "9"]
[White "Guerry, Emilien"]
[Black "Cras, Gildas"]
[Result "1-0"]
[WhiteElo "1582"]
[BlackElo "1516"]
[PlyCount "79"]
[EventDate "2012.12.01"]
[EventType "team"]
[EventRounds "11"]
[EventCountry "FRA"]
[SourceTitle "EXT 2014"]
[Source "ChessBase"]
[SourceDate "2013.11.20"]
[SourceVersion "1"]
[SourceVersionDate "2013.11.20"]
[SourceQuality "1"]
[WhiteTeam "Mulhouse (U20)"]
[BlackTeam "Bois Colombes (U20)"]
[WhiteTeamCountry "FRA"]
[BlackTeamCountry "FRA"]

1. e4 e5 2. Nf3 Nc6 3. Bb5 Bc5 4. 0-0 d6 5. h3 Nf6 6. c3 a6 7. Ba4 0-0 8. d4 Ba7 9. Bg5 b5 10. Bc2 Bb7 11. Re1 Qe7 12. d5 Nb8 13. Nbd2 Nbd7 14. Nf1 Rac8 15. Ng3 h6 16. Nf5 Qe8 17. Bh4 Nh7 18. Ne7+ Kh8 19. Nxc8 Bxc8 20. Qd2 Ndf6 21. Bd1 Bd7 22. Nh2 a5 23. Ng4 Rg8 24. Nxf6 gxf6 25. Kh2 Ng5 26. Bxg5 Rxg5 27. h4 Rg7 28. Qxh6+ Kg8 29. Qd2 f5 30. Bf3 f4 31. Qe2 Qe7 32. g3 f5 33. Bg2 Qf6 34. Bh3 Bc8 35. exf5 Bxf5 36. Bxf5 Qxf5 37. Rg1 Rg4 38. gxf4 Qxf4+ 39. Rg3 Bxf2 40. Qxg4+ 1-0